CELEBRATING TEACHERS: MAKING A DIFFERENCE (Record no. 216508)

MARC details
000 -LEADER
fixed length control field 00468nam a22001697a 4500
008 - FIXED-LENGTH DATA ELEMENTS--GENERAL INFORMATION
fixed length control field 260202b |||||||| |||| 00| 0 eng d
020 ## - INTERNATIONAL STANDARD BOOK NUMBER
International Standard Book Number 978-178583556-8
100 ## - MAIN ENTRY--PERSONAL NAME
Personal name TOWARD GARY
245 ## - TITLE STATEMENT
Title CELEBRATING TEACHERS: MAKING A DIFFERENCE
260 ## - PUBLICATION, DISTRIBUTION, ETC.
Place of publication, distribution, etc. WILLISTON
Name of publisher, distributor, etc. CROWN HOUSE PUBLISHING LIMITED
Date of publication, distribution, etc. 2021
300 ## - PHYSICAL DESCRIPTION
Extent IX,166P.
500 ## - GENERAL NOTE
General note INCLUDES AN INDEX
650 ## - SUBJECT ADDED ENTRY
Topical term or geographic name entry element TEACHERS TEACHING
700 ## - ADDED ENTRY--PERSONAL NAME
Personal name CHRIS HENLEY
942 ## - ADDED ENTRY ELEMENTS (KOHA)
Source of classification or shelving scheme Library of Congress Classification
Koha item type Long Loan Book
Holdings
Withdrawn status Lost status Source of classification or shelving scheme Damaged status Not for loan Collection Home library Current library Shelving location Date acquired Inventory number Total checkouts Full call number Barcode Date last seen Copy number Price effective from Koha item type
    Library of Congress Classification     Arts & Social Sciences Kisii University Library Kisii University Library On Display 02/02/2026 111353   LB 1775 .T69 2021 50114 02/02/2026 C.1 02/02/2026 Long Loan Book
    Library of Congress Classification     Arts & Social Sciences Kisii University Library Kisii University Library On Display 02/02/2026 111354   LB 1775 .T69 2021 50115 02/02/2026 C.2 02/02/2026 Long Loan Book
    Library of Congress Classification     Arts & Social Sciences Kisii University Library Kisii University Library On Display 02/02/2026 111355   LB 1775 .T69 2021 50118 02/02/2026 C.3 02/02/2026 Long Loan Book
    Library of Congress Classification     Arts & Social Sciences Kisii University Library Kisii University Library On Display 02/02/2026 111356   LB 1775 .T69 2021 50002 02/02/2026 C.4 02/02/2026 Long Loan Book
    Library of Congress Classification     Arts & Social Sciences Kisii University Library Kisii University Library On Display 02/02/2026 111357   LB 1775 .T69 2021 50005 02/02/2026 C.5 02/02/2026 Long Loan Book